| 000 | 01114nam a22003137a 4500 | ||
|---|---|---|---|
| 001 | BR0808902 | ||
| 003 | BR-BrBNA | ||
| 005 | 20230928102758.0 | ||
| 007 | ta | ||
| 008 | 230509b bl.||||| |||| 00| 0 por d | ||
| 040 |
_aBR-BrBNA _bpor _cBiblioteca Nacional de Agricultura |
||
| 041 | _a(Por) | ||
| 072 |
_aF30; H20 _b1123 _b4110 _b4150 |
||
| 090 | _ 1123 BR0808902 | ||
| 100 | 1 | _aBellon, G. | |
| 110 | 1 |
_aUniversidade de Brasília, DF (Brasil). Faculdade de Agronomia e Medicina Veterinária _0Tese (Mestre em Ciências Agrárias) |
|
| 245 | 1 | _aVariabilidade genética de acessos de maracujazeiro-doce caracterizada por marcadores RAPD e avaliação da resistência à bacteriose e à virose do endurecimento dos frutos | |
| 260 | 3 |
_aBrasília, DF (Brasil): _c2008. |
|
| 300 | _a101 p. | ||
| 500 | _aSummaries (Eng, Por); Several bibliography; 15 illus.; 22 tables | ||
| 650 | _aMARACUJÁ | ||
| 650 | _aVARIAÇÃO GENÉTICA | ||
| 650 | _aMARCADOR MOLECULAR | ||
| 650 | _aBACTERIOSE | ||
| 650 | _aVIROSE | ||
| 650 | _aVARIEDADE RESISTENTE | ||
| 909 |
_a202309 _bLucia _c55 _dLucia Elande |
||
| 942 | _cBK | ||
| 999 |
_c72420 _d72420 |
||